Zhodnotenie vývoja kolektívneho investovania na Slovensku bakalárska práca

Guardado en:
Detalles Bibliográficos
Autor principal: Bartošek, Denis
Autor Corporativo: Národohospodárska fakulta EU. Katedra bankovníctva a medzinárodných financií
Otros Autores: Gernát, Peter
Formato: Libro
Lenguaje:eslovaco
Publicado: Bratislava 2018
Etiquetas: Agregar Etiqueta
Sin Etiquetas, Sea el primero en etiquetar este registro!

MARC

LEADER 00000nbm a2200000 4500
001 0245841
005 20181213100700.2
041 0 |a slo 
044 |a SK 
245 1 0 |a Zhodnotenie vývoja kolektívneho investovania na Slovensku  |b bakalárska práca  |c Denis Bartošek ; školiteľ: Peter Gernát 
264 1 |a Bratislava  |c 2018 
300 |a 42 s. 
100 1 |a Bartošek, Denis 
700 1 |a Gernát, Peter 
710 2 |a Národohospodárska fakulta EU. Katedra bankovníctva a medzinárodných financií